Statistics for Most Populous Geographic Entity A - Z

Click here to take the quiz!

General Stats

  • This quiz has been taken 71 times
  • The average score is 12 of 26

Answer Stats

LetterAnswerPopulation% Correct
CChina1433m
89%
AAsia4.6 billion
87%
BBrazil211m
86%
IIndia1366m
81%
UUnited States329m
79%
RRussia145m
73%
EEurope739m
69%
FFrance65.1m
69%
PPakistan212m
64%
VVietnam96.5m
61%
NNigeria201m
60%
MMexico127m
49%
TTamil Nadu / Turkey83.4m
47%
DDR Congo87m
39%
QQuebec8.5m
37%
JJava141m
33%
XXinjiang21.8m
23%
GGuangdong104m
21%
HHonshu104m
20%
WWest Bengal91m
17%
LLuzon48.5m
16%
SShandong100m
13%
YYunnan46m
13%
OOdisha46m
11%
ZZhejiang54m
11%
KKarnataka61.1m
10%

Score Distribution

Percentile by Number Answered

Percent of People with Each Score

Your Score History

You have not taken this quiz